<?xml version="1.0" encoding="UTF-8"?>
<record
    xmlns:xsi="http://www.w3.org/2001/XMLSchema-instance"
    xsi:schemaLocation="http://www.loc.gov/MARC21/slim http://www.loc.gov/standards/marcxml/schema/MARC21slim.xsd"
    xmlns="http://www.loc.gov/MARC21/slim">

  <leader>01422pam a2200349 a 4500</leader>
  <controlfield tag="001">3432548</controlfield>
  <controlfield tag="005">20160721115747.0</controlfield>
  <controlfield tag="008">910604s1991    nyua   | b    001 0 eng d</controlfield>
  <datafield tag="010" ind1=" " ind2=" ">
    <subfield code="a">   91020806 </subfield>
  </datafield>
  <datafield tag="020" ind1=" " ind2=" ">
    <subfield code="a">0920887171</subfield>
  </datafield>
  <datafield tag="040" ind1=" " ind2=" ">
    <subfield code="a">DNLM/DLC</subfield>
    <subfield code="c">DLC</subfield>
    <subfield code="d">DLC</subfield>
  </datafield>
  <datafield tag="050" ind1="0" ind2="0">
    <subfield code="a">RC514</subfield>
    <subfield code="b">.S33644 1991</subfield>
  </datafield>
  <datafield tag="060" ind1=" " ind2="0">
    <subfield code="a">WM 203 S337995</subfield>
  </datafield>
  <datafield tag="082" ind1="0" ind2="0">
    <subfield code="a">616.8982</subfield>
    <subfield code="2">22</subfield>
    <subfield code="b">SCH</subfield>
  </datafield>
  <datafield tag="245" ind1="0" ind2="0">
    <subfield code="a">Schizophrenia Simplified :</subfield>
    <subfield code="b">A Field Guide to Schizophrenia for Frontline Workers, Families, and Professionals /</subfield>
    <subfield code="c">Editors and authors, J.F. Thornton, M.V. Seeman ; contributing authors, E.D. Plummer, J.J. Jeffries, S.K. Littman.</subfield>
  </datafield>
  <datafield tag="260" ind1=" " ind2=" ">
    <subfield code="a">Lewiston, NY :</subfield>
    <subfield code="b">Hogrefe &amp; Huber Publishers, 1991</subfield>
    <subfield code="c">1991.</subfield>
  </datafield>
  <datafield tag="300" ind1=" " ind2=" ">
    <subfield code="a">viii, 136 p. :</subfield>
    <subfield code="b">ill. (some col.) ;</subfield>
    <subfield code="c">23 cm.</subfield>
  </datafield>
  <datafield tag="500" ind1=" " ind2=" ">
    <subfield code="a">Donated by: Dr. Shahrazad</subfield>
  </datafield>
  <datafield tag="504" ind1=" " ind2=" ">
    <subfield code="a">Includes bibliographical references (p. 118-130) and index.</subfield>
  </datafield>
  <datafield tag="650" ind1=" " ind2="0">
    <subfield code="a">Schizophrenia</subfield>
    <subfield code="x">Treatment.</subfield>
    <subfield code="9">10422</subfield>
  </datafield>
  <datafield tag="650" ind1=" " ind2="0">
    <subfield code="a">Schizophrenia</subfield>
    <subfield code="x">Law and legislation.</subfield>
    <subfield code="9">10423</subfield>
  </datafield>
  <datafield tag="650" ind1=" " ind2="0">
    <subfield code="a">Schizophrenics</subfield>
    <subfield code="x">Family relationships.</subfield>
    <subfield code="9">10424</subfield>
  </datafield>
  <datafield tag="650" ind1=" " ind2="2">
    <subfield code="a">Schizophrenia</subfield>
    <subfield code="x">rehabilitation.</subfield>
    <subfield code="9">10425</subfield>
  </datafield>
  <datafield tag="650" ind1=" " ind2="2">
    <subfield code="a">Schizophrenic Psychology.</subfield>
    <subfield code="9">10426</subfield>
  </datafield>
  <datafield tag="650" ind1=" " ind2="2">
    <subfield code="a">Social Support.</subfield>
    <subfield code="9">10428</subfield>
  </datafield>
  <datafield tag="650" ind1=" " ind2="2">
    <subfield code="9">10427</subfield>
    <subfield code="a">Social Justice</subfield>
  </datafield>
  <datafield tag="700" ind1="1" ind2=" ">
    <subfield code="a">Thornton, J.</subfield>
    <subfield code="q">(John),</subfield>
    <subfield code="d">1947-</subfield>
    <subfield code="9">10429</subfield>
  </datafield>
  <datafield tag="700" ind1="1" ind2=" ">
    <subfield code="a">Seeman, M. V.</subfield>
    <subfield code="q">(Mary Violette),</subfield>
    <subfield code="d">1935-</subfield>
    <subfield code="9">10430</subfield>
  </datafield>
  <datafield tag="700" ind1="1" ind2=" ">
    <subfield code="a">Plummer, E. D.</subfield>
    <subfield code="q">(Elizabeth D.)</subfield>
    <subfield code="9">10431</subfield>
  </datafield>
  <datafield tag="942" ind1=" " ind2=" ">
    <subfield code="2">ddc</subfield>
    <subfield code="c">BB</subfield>
  </datafield>
  <datafield tag="999" ind1=" " ind2=" ">
    <subfield code="c">13152</subfield>
    <subfield code="d">13152</subfield>
  </datafield>
  <datafield tag="952" ind1=" " ind2=" ">
    <subfield code="0">0</subfield>
    <subfield code="1">0</subfield>
    <subfield code="2">ddc</subfield>
    <subfield code="4">0</subfield>
    <subfield code="7">0</subfield>
    <subfield code="8"> </subfield>
    <subfield code="a">MAIN</subfield>
    <subfield code="b">MAIN</subfield>
    <subfield code="c">1ST</subfield>
    <subfield code="d">2010-01-18</subfield>
    <subfield code="e">Donation</subfield>
    <subfield code="l">1</subfield>
    <subfield code="m">3</subfield>
    <subfield code="o">616.8982 SCH</subfield>
    <subfield code="p">000019390</subfield>
    <subfield code="r">2025-07-15 00:00:00</subfield>
    <subfield code="s">2021-04-12</subfield>
    <subfield code="y">BB</subfield>
  </datafield>
</record>
